[Event "4NCL/Div2/SWD1 vs. PYO"]
[Site "West Bromwich ENG"]
[Date "2005.04.09"]
[Round "7.8"]
[White "Hegarty, Sarah"]
[Black "Smith, Olivia"]
[Result "1-0"]
[WhiteElo "1905"]
[BlackElo "1897"]
[PlyCount "120"]
[EventDate "2005.04.09"]
[SourceDate "2004.09.21"]

1. e4 e5 2. Bc4 Nf6 3. d3 Nc6 4. Nf3 Bc5 5. O-O O-O 6. c3 d6 7. Be3 Bb6 8. Bxb6
axb6 9. Nbd2 Na5 10. Bb5 Bd7 11. Bxd7 Nxd7 12. d4 Nc6 13. Qe2 Re8 14. d5 Ne7
15. c4 Ng6 16. Qe3 Nf6 17. Ne1 Qd7 18. Nd3 Nh5 19. Qf3 Nhf4 20. Nxf4 Nxf4 21.
g3 Ng6 22. Rfc1 Rf8 23. Qf5 Qd8 24. Nf3 h6 25. Qh5 Ra4 26. Rc3 Qd7 27. b3 Ra3
28. Rc2 Rfa8 29. Nd2 Ne7 30. Rb2 f5 31. Qh3 Qc8 32. Nb1 R3a7 33. Nc3 fxe4 34.
Qxc8+ Rxc8 35. Nxe4 b5 36. cxb5 Nxd5 37. Rc1 Nb6 38. Rbc2 d5 39. Nd2 Na8 40. a4
Rd8 41. Nf3 e4 42. Nd4 Rd6 43. Rc5 Kf7 44. Rd1 Nb6 45. Rxc7+ Rd7 46. Rdc1 Ke7
47. Rxd7+ Nxd7 48. f3 exf3 49. Nxf3 Kd6 50. Rc8 Nc5 51. Nd2 b6 52. Rc6+ Ke5 53.
Rxb6 Kd4 54. Rc6 Ne4 55. Nxe4 dxe4 56. b6 Rf7 57. Rc7 Rf3 58. b4 e3 59. Re7 Rf8
60. b7 Kd3 1-0

[Event "4NCL/Div2/WGR3 vs. HKF1"]
[Site "West Bromwich ENG"]
[Date "2005.04.09"]
[Round "7.1"]
[White "Woodward, Timothy"]
[Black "Wells, Peter K"]
[Result "1/2-1/2"]
[WhiteElo "2333"]
[BlackElo "2525"]
[PlyCount "42"]
[EventDate "2005.04.09"]
[SourceDate "2004.09.21"]

1. d4 Nf6 2. c4 e6 3. Nc3 Bb4 4. Qc2 O-O 5. e4 d5 6. e5 Ne4 7. a3 Bxc3+ 8. bxc3
c5 9. Bd3 cxd4 10. cxd4 Qa5+ 11. Kf1 Nc6 12. Ne2 f6 13. Bxe4 dxe4 14. exf6 Qf5
15. Be3 Qxf6 16. Rd1 b6 17. Kg1 Ba6 18. h4 Na5 19. Qxe4 Nxc4 20. Nf4 Rae8 21.
Rh3 Nxe3 1/2-1/2

[Event "4NCL/Div2/WGR3 vs. HKF1"]
[Site "West Bromwich ENG"]
[Date "2005.04.09"]
[Round "7.2"]
[White "Kiriakov, Petr"]
[Black "Tiller, Bjorn"]
[Result "1-0"]
[WhiteElo "2565"]
[BlackElo "2382"]
[PlyCount "99"]
[EventDate "2005.04.09"]
[SourceDate "2004.09.21"]

1. d4 g6 2. c4 Bg7 3. e4 d6 4. Nc3 e5 5. dxe5 dxe5 6. Qxd8+ Kxd8 7. f4 Nc6 8.
Nf3 Nd4 9. Kf2 Nxf3 10. gxf3 c6 11. h4 h5 12. Be3 Be6 13. Rd1+ Kc7 14. Bc5 exf4
15. Bd6+ Kc8 16. Bxf4 Nf6 17. Na4 Nd7 18. b3 Re8 19. Rd2 Be5 20. Be3 Kc7 21.
Be2 b6 22. Nb2 Rad8 23. Nd3 Bc3 24. Rc2 Bf6 25. Nf4 Kb7 26. Nxe6 Rxe6 27. Rd2
Nc5 28. Rxd8 Bxd8 29. b4 Na4 30. Bd1 Nb2 31. Bb3 Rd6 32. Ke2 Rd7 33. f4 b5 34.
cxb5 cxb5 35. Bd5+ Ka6 36. Rc1 Nc4 37. Bf2 f5 38. a4 Rc7 39. e5 Be7 40. Bf7
Bxb4 41. axb5+ Kxb5 42. Be8+ Ka5 43. Bxg6 Bd2 44. Rxc4 Rxc4 45. Kxd2 Rxf4 46.
Bxa7 Ka6 47. Bc5 Kb5 48. Be7 Kc6 49. e6 Kd5 50. Bg5 1-0

[Event "4NCL/Div2/WGR3 vs. HKF1"]
[Site "West Bromwich ENG"]
[Date "2005.04.09"]
[Round "7.3"]
[White "Tan, Desmond"]
[Black "Prie, Eric"]
[Result "0-1"]
[WhiteElo "2332"]
[BlackElo "2447"]
[PlyCount "72"]
[EventDate "2005.04.09"]
[SourceDate "2004.09.21"]

1. e4 d5 2. exd5 Qxd5 3. Nc3 Qa5 4. d4 Nf6 5. Nf3 Bf5 6. Bc4 c6 7. Bd2 e6 8.
Ne4 Qb6 9. Nxf6+ gxf6 10. Bb3 a5 11. a4 Na6 12. h3 Rg8 13. Nh4 Be4 14. Be3
O-O-O 15. O-O Qc7 16. f3 Bg6 17. Nxg6 hxg6 18. Qe2 Nb4 19. Bf2 Rh8 20. Rfd1 Rh5
21. c4 Bd6 22. Kf1 Bg3 23. Bg1 Bf4 24. Bf2 Kb8 25. Bg1 Rd7 26. Bf2 Rh8 27. Qe1
Rhd8 28. g3 Bh6 29. c5 f5 30. Kg2 Bg7 31. Qc3 e5 32. dxe5 Bxe5 33. Rxd7 Rxd7
34. Qe1 Nd3 35. Qe2 Nxf2 36. Qxf2 Bxg3 0-1

[Event "4NCL/Div2/WGR3 vs. HKF1"]
[Site "West Bromwich ENG"]
[Date "2005.04.09"]
[Round "7.4"]
[White "Arkell, Keith C"]
[Black "Grant, Jonathan"]
[Result "0-1"]
[WhiteElo "2492"]
[BlackElo "2259"]
[PlyCount "90"]
[EventDate "2005.04.09"]
[SourceDate "2004.09.21"]

1. c4 Nf6 2. Nf3 c5 3. Nc3 e6 4. g3 b6 5. Bg2 Bb7 6. O-O Be7 7. d3 d6 8. a3 a6
9. b4 Qc7 10. Qb3 O-O 11. Rb1 Bc6 12. b5 axb5 13. Nxb5 Qb7 14. Bf4 Rd8 15. Rb2
Nh5 16. Bd2 Nd7 17. a4 d5 18. cxd5 exd5 19. d4 Nhf6 20. Bf4 Ne4 21. Ne5 Nxe5
22. Bxe5 cxd4 23. Nc7 Rab8 24. Nb5 Nc5 25. Qf3 Nxa4 26. Rbb1 Rbc8 27. Nxd4 Be8
28. Nf5 f6 29. Bd4 Bc5 30. Bxc5 Rxc5 31. Rb4 Nc3 32. Qe3 Qc7 33. Rg4 Bg6 34.
Qe6+ Kf8 35. Nd4 Re8 36. Rh4 Nxe2+ 37. Qxe2 Rxe2 38. Nxe2 Rc4 39. Nf4 Bf7 40.
Rxh7 Kg8 41. Rh3 Rc1 42. Nd3 Rxf1+ 43. Bxf1 d4 44. Rh4 Qc3 45. Nf4 Bc4 0-1

[Event "4NCL/Div2/WGR3 vs. HKF1"]
[Site "West Bromwich ENG"]
[Date "2005.04.09"]
[Round "7.5"]
[White "Gilbert, Jessie"]
[Black "Greet, Andrew N"]
[Result "0-1"]
[WhiteElo "2148"]
[BlackElo "2403"]
[PlyCount "112"]
[EventDate "2005.04.09"]
[SourceDate "2004.09.21"]

1. d4 Nf6 2. c4 e6 3. Nf3 b6 4. g3 Ba6 5. b3 Bb4+ 6. Bd2 Be7 7. Bg2 c6 8. O-O
d5 9. Ne5 Nfd7 10. Nxd7 Nxd7 11. Nc3 Rc8 12. cxd5 cxd5 13. Re1 O-O 14. Rc1 Nb8
15. Nb1 Nc6 16. Bc3 Qd7 17. Qd2 Rc7 18. e4 Rfc8 19. exd5 exd5 20. Re3 Bg5 21.
f4 Bf6 22. Rce1 g6 23. Bb2 Qf5 24. Kh1 Kg7 25. a3 Na5 26. Rc3 Rxc3 27. Nxc3
Nxb3 28. Qf2 Bc4 29. Nd1 Qd7 30. h3 Kg8 31. g4 Re8 32. Rxe8+ Qxe8 33. g5 Bg7
34. Ne3 Qd8 35. Ng4 Na5 36. Bc3 Nc6 37. Qe3 Qd7 38. Bf3 Qe6 39. Kh2 Qxe3 40.
Nxe3 Nxd4 41. Bxd4 Bxd4 42. Nxc4 dxc4 43. a4 Kf8 44. Kg3 Ke7 45. Bd5 c3 46. Bb3
Kd6 47. Kf3 Kc5 48. Ke4 Kb4 49. Bc2 Bf2 50. Ke5 Bg3 51. Kf6 Bxf4 52. Kxf7 Bxg5
53. Kg7 Bd2 54. Kxh7 g5 55. Kg6 Ka3 56. a5 Kb2 0-1

[Event "4NCL/Div2/WGR3 vs. HKF1"]
[Site "West Bromwich ENG"]
[Date "2005.04.09"]
[Round "7.6"]
[White "Berzinsh, Roland"]
[Black "Maduekwe, Chiedu"]
[Result "1/2-1/2"]
[WhiteElo "2457"]
[BlackElo "2142"]
[PlyCount "103"]
[EventDate "2005.04.09"]
[SourceDate "2004.09.21"]

1. e4 c6 2. d4 d5 3. e5 Bf5 4. Be3 e6 5. Nd2 Nd7 6. Be2 Ne7 7. f4 c5 8. dxc5
Nc6 9. Nb3 a5 10. a4 Nb4 11. Bd3 Bxd3 12. cxd3 Rc8 13. d4 b6 14. Nf3 bxc5 15.
O-O Be7 16. dxc5 Nxc5 17. Nxc5 Bxc5 18. Bxc5 Rxc5 19. Nd4 Qb6 20. Kh1 O-O 21.
f5 Rc4 22. Nb5 exf5 23. Nd6 Rc2 24. Nxf5 Rxb2 25. Qg4 g6 26. Qg5 Nd3 27. Nh6+
Kg7 28. Ng4 Nf2+ 29. Rxf2 Rxf2 30. Qh6+ Kg8 31. Qh4 Ra2 32. Rf1 h5 33. Nf6+ Kg7
34. Nd7 Qe6 35. Nxf8 Kxf8 36. h3 Qxe5 37. Qd8+ Kg7 38. Qxa5 Qe4 39. Qc3+ d4 40.
Qg3 Rxa4 41. Rxf7+ Kxf7 42. Qb3+ Kf6 43. Qxa4 h4 44. Qd7 d3 45. Qd8+ Ke5 46.
Qe7+ Kd4 47. Qb4+ Ke5 48. Qe7+ Kf5 49. Qf8+ Ke6 50. Qe8+ Kd5 51. Qa8+ Ke5 52.
Qb8+ 1/2-1/2

[Event "4NCL/Div2/WGR3 vs. HKF1"]
[Site "West Bromwich ENG"]
[Date "2005.04.09"]
[Round "7.7"]
[White "Cutmore, David A"]
[Black "Houska, Jovanka"]
[Result "0-1"]
[WhiteElo "2092"]
[BlackElo "2334"]
[PlyCount "48"]
[EventDate "2005.04.09"]
[SourceDate "2004.09.21"]

1. d4 d5 2. c4 c6 3. Nc3 Nf6 4. Bg5 e6 5. cxd5 exd5 6. e3 Bf5 7. Nf3 Qb6 8. Qc1
Nbd7 9. Nh4 Be6 10. Bd3 h6 11. Bxf6 Nxf6 12. O-O Qc7 13. f3 Bd6 14. g3 O-O-O
15. Ng2 h5 16. e4 dxe4 17. fxe4 Qb6 18. Kh1 Qxd4 19. Qc2 Bxg3 20. Rad1 Bc7 21.
Ne1 Ng4 22. Nf3 Qe3 23. Rd2 Rd7 24. Nd1 Qb6 0-1

[Event "4NCL/Div2/WGR3 vs. HKF1"]
[Site "West Bromwich ENG"]
[Date "2005.04.09"]
[Round "7.8"]
[White "Crouch, Colin"]
[Black "Cutmore, Martin J"]
[Result "1-0"]
[WhiteElo "2371"]
[BlackElo "2030"]
[PlyCount "65"]
[EventDate "2005.04.09"]
[SourceDate "2004.09.21"]

1. d4 Nf6 2. c4 Nc6 3. Nf3 e6 4. e3 Bb4+ 5. Nbd2 O-O 6. Bd3 d6 7. O-O Bxd2 8.
Bxd2 e5 9. d5 Ne7 10. e4 Ng6 11. b4 Bg4 12. h3 Bd7 13. Nh2 c6 14. Rc1 b5 15.
dxc6 Bxc6 16. Bg5 bxc4 17. Rxc4 Bb5 18. Rc3 Rb8 19. Bxb5 Rxb5 20. Ng4 Rxb4 21.
Qf3 Nf4 22. Nxf6+ gxf6 23. Bxf4 exf4 24. Qxf4 Kh8 25. Rd1 Qe7 26. Rxd6 Rxe4 27.
Qxf6+ Qxf6 28. Rxf6 Ra4 29. a3 Kg7 30. Rd6 Rb8 31. Rd7 Rb1+ 32. Kh2 Rb2 33. Rf3
1-0

[Event "4NCL/Div2/KHE vs. HKF1"]
[Site "West Bromwich ENG"]
[Date "2005.04.10"]
[Round "8.1"]
[White "McMichael, Richard"]
[Black "Arkell, Keith C"]
[Result "0-1"]
[WhiteElo "2272"]
[BlackElo "2492"]
[PlyCount "92"]
[EventDate "2005.04.10"]
[SourceDate "2004.09.21"]

1. Nf3 Nf6 2. b3 d6 3. Bb2 e5 4. e3 Bg4 5. Be2 Nbd7 6. c4 Be7 7. Nc3 c6 8. h3
Bh5 9. d4 e4 10. Nd2 Bg6 11. g4 h6 12. Nf1 d5 13. Qd2 a6 14. a4 Bb4 15. Ba3
Bxa3 16. Rxa3 Qe7 17. Ra1 a5 18. Ng3 Qe6 19. Bf1 Bh7 20. Nge2 g5 21. cxd5 Nxd5
22. Nxd5 cxd5 23. Nc3 O-O 24. Be2 Rac8 25. Nb5 Qb6 26. b4 axb4 27. Qxb4 Rc2 28.
Bd1 Rc4 29. Qd2 Nf6 30. O-O h5 31. Be2 Rcc8 32. Qb4 hxg4 33. hxg4 Qe6 34. Qd6
Rc2 35. Bd1 Rc6 36. Qg3 Ne8 37. Kg2 Ng7 38. Bb3 Rd8 39. Rh1 f5 40. Qe5 fxg4 41.
Qxg5 Rd7 42. Rh4 Qf7 43. Bd1 Rg6 44. Qe5 Re7 45. Qb8+ Re8 46. Nd6 Qf3+ 0-1

[Event "4NCL/Div2/KHE vs. HKF1"]
[Site "West Bromwich ENG"]
[Date "2005.04.10"]
[Round "8.2"]
[White "Wells, Peter K"]
[Black "Thomas, Richard H"]
[Result "1-0"]
[WhiteElo "2525"]
[BlackElo "2232"]
[PlyCount "39"]
[EventDate "2005.04.10"]
[SourceDate "2004.09.21"]

1. d4 g6 2. e4 Bg7 3. Nc3 c6 4. Nf3 d5 5. h3 Nh6 6. Bf4 f6 7. exd5 cxd5 8. Nb5
O-O 9. c4 Nc6 10. cxd5 Qxd5 11. Nc3 Qa5 12. Bc4+ Nf7 13. O-O Kh8 14. Re1 Nd6
15. Bb3 Qd8 16. Qe2 Nxd4 17. Nxd4 e5 18. Rad1 Qb6 19. Na4 Qc7 20. Bg3 1-0

[Event "4NCL/Div2/KHE vs. HKF1"]
[Site "West Bromwich ENG"]
[Date "2005.04.10"]
[Round "8.3"]
[White "Kwiatkowski, Feliks J"]
[Black "Kiriakov, Petr"]
[Result "0-1"]
[WhiteElo "2229"]
[BlackElo "2565"]
[PlyCount "64"]
[EventDate "2005.04.10"]
[SourceDate "2004.09.21"]

1. e4 e6 2. d4 d5 3. Nd2 a6 4. Ngf3 c5 5. exd5 exd5 6. dxc5 Bxc5 7. Nb3 Bb6 8.
Qe2+ Be6 9. Ng5 Qe7 10. Nxe6 fxe6 11. Be3 Nf6 12. g3 O-O 13. Bh3 Bxe3 14. Qxe3
e5 15. O-O Nc6 16. Rad1 Qf7 17. Bg2 Rad8 18. f4 Qh5 19. Bf3 Qh6 20. Qc5 exf4
21. gxf4 Qg6+ 22. Kh1 Ne4 23. Qe3 Rfe8 24. Bg2 Nf6 25. Qd2 Qh5 26. Bf3 Qf5 27.
Qg2 Ne4 28. Bg4 Qf7 29. Nd4 Rd6 30. f5 Nxd4 31. Rxd4 Rh6 32. Bf3 Qc7 {time} 0-1

[Event "4NCL/Div2/KHE vs. HKF1"]
[Site "West Bromwich ENG"]
[Date "2005.04.10"]
[Round "8.4"]
[White "Prie, Eric"]
[Black "Sandu, Mihaela"]
[Result "1-0"]
[WhiteElo "2447"]
[BlackElo "2148"]
[PlyCount "173"]
[EventDate "2005.04.10"]
[SourceDate "2004.09.21"]

1. d4 Nf6 2. Bg5 g6 3. Bxf6 exf6 4. e3 d5 5. g3 Bd6 6. Bg2 O-O 7. Nd2 c6 8. Ne2
f5 9. O-O Nd7 10. b3 Nf6 11. c4 dxc4 12. bxc4 Qe7 13. Qc2 h5 14. h4 Re8 15. Nf4
Ne4 16. Rab1 g5 17. hxg5 Nxg3 18. fxg3 Qxe3+ 19. Rf2 Qxg3 20. Rb3 Qxg5 21. Rbf3
Bd7 22. Kf1 Re7 23. Bh3 Kf8 24. c5 Bc7 25. Nc4 Rae8 26. Qd2 Re1+ 27. Qxe1 Rxe1+
28. Kxe1 Qg1+ 29. Bf1 h4 30. Ne5 Bc8 31. Kd2 b6 32. Nh3 Qg7 33. Bd3 Bxe5 34.
dxe5 Qxe5 35. Bxf5 Qd4+ 36. Rd3 Qb4+ 37. Kc1 Bxf5 38. Rxf5 Qe1+ 39. Kc2 Qe2+
40. Kc3 bxc5 41. Rdf3 Qe1+ 42. Kd3 Qb1+ 43. Ke3 c4 44. Rxf7+ Ke8 45. Rf8+ Ke7
46. Kd4 Qb2+ 47. Kxc4 Qxa2+ 48. Kc3 a5 49. R8f4 a4 50. Kb4 Kd6 51. Rd3+ Kc7 52.
Ka5 Qg8 53. Kxa4 Qa2+ 54. Kb4 Qc2 55. Rc3 Qd2 56. Kb3 Kb6 57. Rb4+ Kc7 58. Rbc4
Qd1+ 59. Kb2 Qe2+ 60. Ka3 Qe7+ 61. Ka4 Qd7 62. Nf2 Qd5 63. Kb3 Qg2 64. Nh3 Qh1
65. Kc2 Qg2+ 66. Kd1 Qh1+ 67. Ke2 Qg2+ 68. Nf2 Qg6 69. Rxh4 Qe6+ 70. Re3 Qa2+
71. Kf3 Qf7+ 72. Rf4 Qh5+ 73. Kg3 Qc5 74. Ng4 Qc2 75. Rf6 Qd1 76. Ree6 Qd3+ 77.
Kh4 Qh7+ 78. Kg5 Qg8+ 79. Kf4 Qa8 80. Ne5 Qa4+ 81. Kg5 Qd4 82. Rxc6+ Kb7 83.
Rce6 Qg1+ 84. Kh6 Qh2+ 85. Kg7 Qg3+ 86. Ng6 Qc3 87. Kg8 1-0

[Event "4NCL/Div2/KHE vs. HKF1"]
[Site "West Bromwich ENG"]
[Date "2005.04.10"]
[Round "8.5"]
[White "O'Shaughnessy, Conor"]
[Black "Berzinsh, Roland"]
[Result "0-1"]
[WhiteElo "2189"]
[BlackElo "2457"]
[PlyCount "88"]
[EventDate "2005.04.10"]
[SourceDate "2004.09.21"]

1. e4 c5 2. Nf3 b6 3. Nc3 Bb7 4. d4 cxd4 5. Nxd4 a6 6. Be2 e6 7. O-O Qc7 8. f4
d6 9. Bf3 Nd7 10. Kh1 g6 11. a4 e5 12. Nb3 Ngf6 13. fxe5 dxe5 14. Qe1 Bg7 15.
Qh4 O-O 16. Bg5 Rac8 17. Rad1 b5 18. axb5 axb5 19. Rf2 Qb6 20. Rfd2 b4 21. Ne2
Qb5 22. Ng3 Bc6 23. Be2 Qb8 24. Rf1 Qc7 25. Rxf6 Nxf6 26. Bxf6 h6 27. Nh5 Bxf6
28. Nxf6+ Kg7 29. Ng4 h5 30. Qf6+ Kg8 31. Nf2 Ba4 32. h3 Rfe8 33. Qf3 Red8 34.
Nd3 Qe7 35. Qe3 Kg7 36. Bf3 Rc4 37. Nf2 Rxd2 38. Qxd2 Qc7 39. Nd3 Qd6 40. Qe2
Bxb3 41. cxb3 Rd4 42. Ne1 Rd2 43. Qc4 Qd4 44. Qb5 h4 0-1

[Event "4NCL/Div2/KHE vs. HKF1"]
[Site "West Bromwich ENG"]
[Date "2005.04.10"]
[Round "8.6"]
[White "Houska, Jovanka"]
[Black "Guthrie, David"]
[Result "1/2-1/2"]
[WhiteElo "2334"]
[BlackElo "2170"]
[PlyCount "58"]
[EventDate "2005.04.10"]
[SourceDate "2004.09.21"]

1. e4 e5 2. Nf3 Nc6 3. Bc4 Nf6 4. d3 Be7 5. c3 O-O 6. O-O d6 7. Nbd2 Na5 8. Bb5
a6 9. Ba4 c5 10. Re1 Qc7 11. d4 b5 12. Bc2 cxd4 13. cxd4 Bb7 14. Nf1 Rac8 15.
Bb1 exd4 16. Nxd4 Rfe8 17. Bd2 Nc4 18. Bc3 d5 19. e5 Ne4 20. e6 Bc5 21. Bxe4
dxe4 22. Nf5 Rxe6 23. N1e3 Nxe3 24. fxe3 Rg6 25. Rc1 Bf8 26. Qd2 Rc6 27. a3 Qd8
28. Qxd8 Rxd8 29. Rcd1 Rd3 1/2-1/2

[Event "4NCL/Div2/KHE vs. HKF1"]
[Site "West Bromwich ENG"]
[Date "2005.04.10"]
[Round "8.7"]
[White "Mackenzie, Colin"]
[Black "Crouch, Colin"]
[Result "1/2-1/2"]
[WhiteElo "2144"]
[BlackElo "2371"]
[PlyCount "73"]
[EventDate "2005.04.10"]
[SourceDate "2004.09.21"]

1. Nf3 Nf6 2. c4 c6 3. g3 d5 4. Bg2 dxc4 5. Qc2 b5 6. a4 Bb7 7. b3 cxb3 8. Qxb3
e6 9. axb5 cxb5 10. Qxb5+ Qd7 11. Nc3 Nc6 12. Ne5 Nxe5 13. Qxb7 Qxb7 14. Bxb7
Rb8 15. Rxa7 Bc5 16. Ra8 O-O 17. Rxb8 Rxb8 18. Bg2 Bd4 19. Ne4 Nxe4 20. Bxe4 f5
21. Bg2 Rb1 22. O-O Bc5 23. d3 Ng4 24. e3 Bb4 25. d4 Nf6 26. Bf3 Ne4 27. Be2
Nd2 28. Bd3 Ra1 29. Bxd2 Rxf1+ 30. Kxf1 Bxd2 31. Ke2 Bb4 32. Kf3 Kf7 33. g4 Kf6
34. gxf5 exf5 35. h3 Bc3 36. h4 g6 37. Kf4 1/2-1/2

[Event "4NCL/Div2/KHE vs. HKF1"]
[Site "West Bromwich ENG"]
[Date "2005.04.10"]
[Round "8.8"]
[White "Greet, Andrew N"]
[Black "Okike, David C"]
[Result "1-0"]
[WhiteElo "2403"]
[BlackElo "2158"]
[PlyCount "133"]
[EventDate "2005.04.10"]
[SourceDate "2004.09.21"]

1. e4 e6 2. d4 d5 3. Nc3 Nf6 4. Bg5 dxe4 5. Nxe4 Be7 6. Bxf6 gxf6 7. Qd3 f5 8.
Nc3 c6 9. O-O-O Nd7 10. g4 fxg4 11. h3 Nf6 12. hxg4 Nxg4 13. Rxh7 Rxh7 14. Qxh7
Nf6 15. Qh8+ Kd7 16. Qh3 Kc7 17. Nf3 Bd7 18. Ne5 Qg8 19. Kb1 Rd8 20. f4 Nd5 21.
f5 Nxc3+ 22. Qxc3 exf5 23. Qa5+ Kb8 24. Nxd7+ Rxd7 25. Qxf5 Rd5 26. Qe4 Bd6 27.
Bc4 Rg5 28. a3 Rg1 29. Rxg1 Qxg1+ 30. Ka2 f5 31. Qe8+ Kc7 32. Qf7+ Kb6 33. c3
Qg5 34. Qe6 Kc7 35. d5 f4 36. dxc6 bxc6 37. Qe8 Qd8 38. Qh5 Kb7 39. Be2 Qg8+
40. Kb1 Qg1+ 41. Kc2 Qg2 42. Kb1 Qg1+ 43. Ka2 Qg8+ 44. c4 Qe6 45. Qh7+ Qe7 46.
Qd3 Be5 47. Bf3 Bc7 48. Bxc6+ Kb8 49. Bg2 Qe5 50. Qf3 Kc8 51. Qb7+ Kd8 52. Qxa7
Qe2 53. Qa8+ Ke7 54. Qe4+ Qxe4 55. Bxe4 Kd6 56. b4 Ke5 57. Bc6 Kd4 58. Kb3 Ke3
59. a4 f3 60. Bxf3 Kxf3 61. c5 Ke4 62. Kc4 Ke5 63. a5 Ke6 64. a6 Bb8 65. b5 Kd7
66. Kd5 Kc8 67. Kc6 1-0

[Event "4NCL/Div2/PYO vs. WGR3"]
[Site "West Bromwich ENG"]
[Date "2005.04.10"]
[Round "8.1"]
[White "Rendle, Thomas E"]
[Black "Rechel, Bernd"]
[Result "1/2-1/2"]
[WhiteElo "2396"]
[BlackElo "2408"]
[PlyCount "65"]
[EventDate "2005.04.10"]
[SourceDate "2004.09.21"]

1. e4 c5 2. Nf3 d6 3. c3 Nf6 4. Be2 Nc6 5. d4 cxd4 6. cxd4 Nxe4 7. d5 Qa5+ 8.
Nc3 Nxc3 9. bxc3 Nd8 10. O-O e5 11. dxe6 Nxe6 12. Rb1 a6 13. Nd4 Be7 14. Bf3
O-O 15. Bxb7 Bxb7 16. Rxb7 Nxd4 17. cxd4 Bf6 18. Bf4 Qxa2 19. Bxd6 Rfd8 20. Bc5
a5 21. Qf3 Qd5 22. Ra1 a4 23. Rb4 a3 24. Qxd5 Rxd5 25. Rxa3 Rad8 26. g3 h5 27.
Raa4 Re8 28. Kf1 h4 29. gxh4 Bxh4 30. Ra2 Rf5 31. Rbb2 Rd8 32. Re2 Rf4 33. Rad2
1/2-1/2

[Event "4NCL/Div2/PYO vs. WGR3"]
[Site "West Bromwich ENG"]
[Date "2005.04.10"]
[Round "8.2"]
[White "Law, Andrew P"]
[Black "Bigg, Andrew J"]
[Result "0-1"]
[WhiteElo "2317"]
[BlackElo "2263"]
[PlyCount "88"]
[EventDate "2005.04.10"]
[SourceDate "2004.09.21"]

1. Nf3 c5 2. c4 Nc6 3. d4 cxd4 4. Nxd4 e5 5. Nb5 d6 6. N1c3 a6 7. Na3 Be7 8. g3
h5 9. h4 f5 10. Bg2 Nf6 11. Bg5 Ng4 12. Bxe7 Nxe7 13. Qd2 O-O 14. Rd1 f4 15.
gxf4 Rxf4 16. Qxd6 Qe8 17. Qd8 Be6 18. Qxe8+ Rxe8 19. Ne4 Ref8 20. e3 Rxe4 21.
Bxe4 Nxf2 22. Bxb7 Nxd1 23. Kxd1 Rb8 24. Bxa6 Rxb2 25. Bb5 Nf5 26. Kc1 Rxa2 27.
Nc2 Nxe3 28. Rh2 Nxc4 29. Re2 Ra5 30. Be8 Bg4 31. Rf2 Nd6 32. Bg6 Rc5 33. Kd2
Be6 34. Ne3 Bf7 35. Bd3 e4 36. Bc2 Nc4+ 37. Nxc4 Rxc4 38. Ke3 Rc3+ 39. Kf4 e3
40. Rh2 Bc4 41. Bd1 g6 42. Rb2 Kg7 43. Rb7+ Kh6 44. Re7 e2 0-1

[Event "4NCL/Div2/PYO vs. WGR3"]
[Site "West Bromwich ENG"]
[Date "2005.04.10"]
[Round "8.3"]
[White "Dorrington, Christopher"]
[Black "Tan, Desmond"]
[Result "0-1"]
[WhiteElo "2194"]
[BlackElo "2332"]
[PlyCount "160"]
[EventDate "2005.04.10"]
[SourceDate "2004.09.21"]

1. e4 c5 2. Nc3 d6 3. f4 Nc6 4. Nf3 e6 5. Bb5 Bd7 6. O-O a6 7. Bxc6 Bxc6 8. d3
Nf6 9. Qe2 Be7 10. e5 Nd5 11. Ne4 Nc7 12. Be3 d5 13. Ng3 h5 14. h3 h4 15. Nh1
d4 16. Bd2 Qd5 17. c4 dxc3 18. bxc3 O-O-O 19. Nf2 f5 20. c4 Qd7 21. Rab1 Rh6
22. Rb3 Qe8 23. Be3 Qh5 24. Nh1 Rg6 25. Kh2 Rd7 26. Qb2 Na8 27. Qa3 Rc7 28. Qb2
Rd7 29. Ng5 Rd8 30. Qf2 Rd7 31. Qb2 Rd8 32. Qf2 Rd7 33. Rg1 Rc7 34. Rb2 Rd7 35.
Rb3 Ba4 36. Ra3 Bc6 37. Rc3 Rc7 38. Rc2 Rd7 39. Rd2 Nc7 40. Rb1 Na8 41. Rbb2
Rc7 42. Qe1 Rd7 43. Nf2 Bxg5 44. fxg5 Rxg5 45. Bxg5 Qxg5 46. Nd1 Rd4 47. Ne3
Qf4+ 48. Kg1 Qxe5 49. Nc2 Qxe1+ 50. Nxe1 Nc7 51. Nf3 Bxf3 52. gxf3 b5 53. cxb5
axb5 54. Rbc2 Na6 55. Re2 Kd7 56. Rg2 Rxd3 57. Rxg7+ Kd6 58. Rb7 Nc7 59. Kf2
Rd4 60. Rb8 Kc6 61. Ke2 b4 62. Rd2 Rc4 63. Rbd8 Nd5 64. Kf2 Rc1 65. Rh8 c4 66.
Rxh4 c3 67. Re2 Kb5 68. Rd4 c2 69. Rxd5+ exd5 70. Ke3 Kc4 71. Kd2 Rh1 72. Kxc2
Rxh3 73. Rf2 d4 74. Kd2 f4 75. Kc2 Rg3 76. Kd2 d3 77. Rh2 Rxf3 78. Rg2 Kd4 79.
Rh2 Rg3 80. Rh4 Rg2+ 0-1

[Event "4NCL/Div2/PYO vs. WGR3"]
[Site "West Bromwich ENG"]
[Date "2005.04.10"]
[Round "8.4"]
[White "Grant, Jonathan"]
[Black "Bennet, William D"]
[Result "1-0"]
[WhiteElo "2259"]
[BlackElo "2116"]
[PlyCount "145"]
[EventDate "2005.04.10"]
[SourceDate "2004.09.21"]

1. c4 c5 2. Nc3 g6 3. g3 Bg7 4. Bg2 Nf6 5. e4 Nc6 6. Nge2 d6 7. O-O Bd7 8. d3
Qc8 9. Nd5 O-O 10. Bg5 Re8 11. Qd2 Nxd5 12. cxd5 Nd4 13. Nxd4 Bxd4 14. Be3 Bg7
15. Rac1 b6 16. d4 Qa6 17. a3 Rec8 18. h4 Qa4 19. dxc5 bxc5 20. Bg5 Re8 21.
Rfe1 Rab8 22. Rb1 Bd4 23. Be3 Bg7 24. Bf4 Rb3 25. e5 Bf5 26. Rbc1 Rd8 27. Bf1
Qd4 28. Qa5 Rc8 29. exd6 exd6 30. Qxa7 Be5 31. Rcd1 Qxb2 32. Bxe5 dxe5 33. Qe7
Rb7 34. Qf6 Bg4 35. f3 Bd7 36. h5 e4 37. Qxb2 Rxb2 38. Rxe4 Rb3 39. Re7 Rd8 40.
Rd3 Rb1 41. Rde3 Bb5 42. Re1 Rxe1 43. Rxe1 Bxf1 44. Kxf1 Rxd5 45. h6 Kf8 46. a4
Rd3 47. Kf2 Ra3 48. Re4 Ra2+ 49. Ke3 Ra3+ 50. Kf4 f6 51. Rc4 Kf7 52. g4 g5+ 53.
Ke4 Kg6 54. Kd5 Rxf3 55. Kxc5 Ra3 56. Kb5 Kxh6 57. a5 Kg6 58. a6 h5 59. gxh5+
Kxh5 60. Ra4 Rb3+ 61. Kc6 Rc3+ 62. Kd7 Rd3+ 63. Ke7 Re3+ 64. Kf7 Rc3 65. a7 Rc8
66. a8=Q Rxa8 67. Rxa8 f5 68. Kf6 Kg4 69. Ke5 f4 70. Ke4 Kg3 71. Ra3+ Kf2 72.
Kf5 Kg2 73. Kg4 1-0

[Event "4NCL/Div2/PYO vs. WGR3"]
[Site "West Bromwich ENG"]
[Date "2005.04.10"]
[Round "8.5"]
[White "Eckersley-Waites, Adam"]
[Black "Lee, Graham D"]
[Result "1/2-1/2"]
[WhiteElo "2099"]
[BlackElo "2285"]
[PlyCount "57"]
[EventDate "2005.04.10"]
[SourceDate "2004.09.21"]

1. e4 e6 2. d4 d5 3. Nc3 Bb4 4. e5 Qd7 5. a3 Bf8 6. Nf3 b6 7. h4 h5 8. g3 Ba6
9. Bh3 c5 10. Bf4 Nc6 11. Ne2 Nxd4 12. Nexd4 cxd4 13. Qxd4 Ne7 14. Qd2 Nc6 15.
b3 Be7 16. Bf1 Bxf1 17. Kxf1 Na5 18. Qd3 Rc8 19. Bg5 Qc7 20. Bxe7 Kxe7 21. Rc1
Qc3 22. Qxc3 Rxc3 23. Ke2 f6 24. exf6+ Kxf6 25. Nd4 a6 26. Kd2 Rhc8 27. Ne2 Rf3
28. Nd4 Rfc3 29. Ne2 1/2-1/2

[Event "4NCL/Div2/PYO vs. WGR3"]
[Site "West Bromwich ENG"]
[Date "2005.04.10"]
[Round "8.6"]
[White "Maduekwe, Chiedu"]
[Black "Wells, Daniel"]
[Result "1-0"]
[WhiteElo "2142"]
[BlackElo "1980"]
[PlyCount "77"]
[EventDate "2005.04.10"]
[SourceDate "2004.09.21"]

1. d4 Nf6 2. c4 g6 3. Nc3 Bg7 4. e4 d6 5. f3 O-O 6. Be3 c5 7. Nge2 Nc6 8. Qd2
cxd4 9. Nxd4 Bd7 10. Be2 a6 11. O-O Rb8 12. Rac1 Nxd4 13. Bxd4 Qa5 14. Rfd1
Rfc8 15. a3 b5 16. b4 Qd8 17. c5 Be6 18. cxd6 exd6 19. Qb2 Bh6 20. Rc2 Nh5 21.
a4 Bf4 22. Bf1 Qg5 23. axb5 axb5 24. g3 Be3+ 25. Kg2 Bh3+ 26. Kxh3 Nf4+ 27.
gxf4 Bxf4 28. Bxb5 Rxb5 29. Rh1 Qh5+ 30. Kg2 Rg5+ 31. Kf2 Qh3 32. Rf1 Bxh2 33.
Ke1 Bg3+ 34. Ke2 Bf4 35. Nd5 Rg2+ 36. Rf2 Rxf2+ 37. Bxf2 Rxc2+ 38. Qxc2 Be5 39.
b5 1-0

[Event "4NCL/Div2/PYO vs. WGR3"]
[Site "West Bromwich ENG"]
[Date "2005.04.10"]
[Round "8.7"]
[White "Hillman, Jamie O"]
[Black "Cutmore, David A"]
[Result "1/2-1/2"]
[WhiteElo "1980"]
[BlackElo "2092"]
[PlyCount "46"]
[EventDate "2005.04.10"]
[SourceDate "2004.09.21"]

1. e4 Nf6 2. e5 Nd5 3. d4 d6 4. c4 Nb6 5. exd6 cxd6 6. Nc3 g6 7. Nf3 Bg7 8. Be3
O-O 9. Be2 Nc6 10. Rc1 e5 11. O-O Bg4 12. dxe5 dxe5 13. Qxd8 Rfxd8 14. c5 Nd5
15. Nxd5 Rxd5 16. h3 Bxf3 17. Bxf3 Rd7 18. Rfd1 Rad8 19. Rd6 Nd4 20. Bxd4 exd4
21. Rxd7 Rxd7 22. b4 d3 23. b5 d2 1/2-1/2